00405 a2200133 4500010001400000020002300014035001300037037001500050082001700065245006800082260004600150270005100196300002400247 aENG-88085 a8189479067c200.00 aEN-71618 bDBAD / PUB14a345.540255541 aSupreme Court on Children /cedited and compiled by Aparna Bhat aNew DelhibHuman Rights Law Networkc2005 a65, Masjid Road, Jangpura,bNew Delhie110 014 a598 p.c23 cm (Pbk)